Centrální banka a veřejnost.

Cieľová funkcia centrálnej banky. Model chovania centrálnej banky. Ekonomické centrum (centrálna banka a vláda) a verejnosť. Popis prístupu založeného na spoločenskej funkcii blahobytu pre modelovanie "hry" medzi centrom a verejnosťou.

Gespeichert in:
Bibliographische Detailangaben
1. Verfasser: Bulíř, Aleš
Format: Buchkapitel
Sprache:Tschechisch
Schlagworte:
Tags: Tag hinzufügen
Keine Tags, Fügen Sie das erste Tag hinzu!

MARC

LEADER 00000naa a2200000 4500
001 r009583
005 20220831090318.3
041 0 |a cze 
044 |a [CS] 
245 1 0 |a Centrální banka a veřejnost.  |c A. Bulíř 
520 |a Cieľová funkcia centrálnej banky. Model chovania centrálnej banky. Ekonomické centrum (centrálna banka a vláda) a verejnosť. Popis prístupu založeného na spoločenskej funkcii blahobytu pre modelovanie "hry" medzi centrom a verejnosťou. 
610 2 0 |a banky emisné 
610 2 0 |a vláda 
610 2 0 |a modely ekonomicko-matematické 
610 2 0 |a inflácia 
610 2 0 |a politika finančná 
610 2 0 |a rozhodovanie 
610 2 0 |a politika fiškálna 
610 2 0 |a modely rozhodovania 
100 1 |a Bulíř, Aleš